000 00555nam a22001937a 4500
005 20251108164726.0
008 250721s1995 xx 000 0 ara d
082 1 4 _a614.839/قصي
100 1 _aرشيد، قصي
245 1 0 _aالوقاية من الإشعاع و التلوث /
264 1 _aإربد :
_bدار الكندي للنشر و التوزيع،
_c1995.
300 _a210ص
650 1 7 _aالصحة العامة
650 1 7 _aالتلوث
650 1 7 _aالإشعاع
650 1 7 _aالبيئة
942 _2ddc
_cBK
999 _c12794
_d12794